| 000 | 00411nam a22001697a 4500 | ||
|---|---|---|---|
| 003 | SGT | ||
| 020 | _a9789387593084 | ||
| 082 |
_a614.85 _bS20R |
||
| 100 | _aRAO, M.N | ||
| 245 | _aSOLID AND HAZARDOUS WASTE MANAGEMENT | ||
| 250 | _a2ND | ||
| 260 |
_aHYDERABAD _bBSP PUB. _c2020 |
||
| 300 | _a347 | ||
| 650 | _a HAZARDOUS WASTE MANAGEMENT | ||
| 653 | _aSOLID , HAZARDOUS, WASTE, MANAGEMENT | ||
| 942 |
_2ddc _cBK |
||
| 999 |
_c27101 _d27101 |
||